书目信息 |
| 题名: |
计算机绘图实用教程
|
|
| 作者: | 侯洪生 主编 | |
| 分册: | ||
| 出版信息: | 北京 科学出版社 2005.09 |
|
| 页数: | 195页 | |
| 开本: | 26cm | |
| 丛书名: | ||
| 单 册: | ||
| 中图分类: | TP391.72 | |
| 科图分类: | ||
| 主题词: | 计算机辅助设计--ji suan ji fu zhu she ji--图形软件--高等学校--教材 , AutoCAD 2004 | |
| 电子资源: | ||
| ISBN: | 7-03-016166-1 | |
| 000 | 00864nam 2200241 450 | |
| 001 | 012006627872 | |
| 005 | 20060904103456.09 | |
| 010 | @a7-03-016166-1@dCNY20.00 | |
| 100 | @a20060611d2005 km y0chiy0120 ea | |
| 101 | 0 | @achi |
| 102 | @aCN@b110000 | |
| 105 | @aa z 000yy | |
| 200 | 1 | @a计算机绘图实用教程@Aji suan ji hui tu shi yong jiao cheng@f侯洪生主编@Fhou hong sheng zhu bian |
| 210 | @a北京@c科学出版社@d2005.09 | |
| 215 | @a195页@c图@d26cm | |
| 300 | @a21世纪高等院校教材 | |
| 330 | @a本书以AutoCAD 2004中文版为平台,主要介绍利用AutoCAD 2004的二维绘图功能,绘制零件图、装配图及由装配图拆画零件图的过程。 | |
| 606 | 0 | @a计算机辅助设计@Aji suan ji fu zhu she ji@x图形软件@x高等学校@x教材 |
| 606 | 0 | @aAutoCAD 2004 |
| 690 | @aTP391.72@v4 | |
| 701 | 0 | @a侯洪生@Ahou hong sheng@4主编 |
| 801 | 0 | @aCN@bQSSK@c20060904 |
| 905 | @a10447@dTP391.72@eH424 | |
| 计算机绘图实用教程/侯洪生主编.-北京:科学出版社,2005.09 |
| 195页:图;26cm |
| 21世纪高等院校教材 |
| ISBN 7-03-016166-1:CNY20.00 |
| 本书以AutoCAD 2004中文版为平台,主要介绍利用AutoCAD 2004的二维绘图功能,绘制零件图、装配图及由装配图拆画零件图的过程。 |
| ● |
| 相关链接 |
|
|
|
正题名:计算机绘图实用教程
索取号:TP391.72/H424
 
预约/预借
| 序号 | 登录号 | 条形码 | 馆藏地/架位号 | 状态 | 备注 |
| 1 | 585490 | 205854903 | 自科库301/301自科库 109排2列1层/ [索取号:TP391.72/H424] | 在馆 | |
| 2 | 585491 | 205854912 | 自科库301/404自科库 14排5列1层/ [索取号:TP391.72/H424] | 在馆 | |
| 3 | 585492 | 205854921 | 自科库301/301自科库 109排2列1层/ [索取号:TP391.72/H424] | 在馆 |